Kľúč k počítaču - programové vybavenie /

Salvato in:
Dettagli Bibliografici
Autore principale: Twiehaus, Jürgen (Autore)
Natura: Libro
Lingua:slovacco
Pubblicazione: Bratislava : Alfa, 1988
Tags: Aggiungi Tag
Nessun Tag, puoi essere il primo ad aggiungerne!!

MARC

LEADER 00000nam a22000003a 4500
001 stu2873
005 20201005131736.9
008 930120s1988----cs------------------slo-d
040 |a STU  |b slo 
041 0 |a slo 
044 |a cs 
080 |a 681.32.06 
100 1 |a Twiehaus, Jürgen  |4 aut 
245 1 |a Kľúč k počítaču - programové vybavenie /  |c [aut.] Twiehaus,J 
260 |a Bratislava :  |b Alfa,  |c 1988 
300 |a 198 s 
996 |b 284EK83485  |c E*83485  |l EE01  |s A  |a 24  |w stu2873_0001 
996 |b E67302  |c E*67302  |l EE15  |s P  |a 0  |w stu2873_0003 
996 |b E67303  |c E*67303  |l EE15  |s P  |a 0  |w stu2873_0004